000 00385nam a2200157Ia 4500
003 OSt
008 191201s2008 xx 000 0 und d
082 _a658.049
_bDEI
100 _aDERESKY, Helen
245 0 _aInternational Management Managing Across Borders and Cultures
250 _aIMP
260 _aNew Delhi
_bPearson
_c2008
300 _a524
650 _aMBA
942 _2ddc
_cBK
999 _c4159
_d4159